| 000 | 00463nam a2200169Ia 4500 | ||
|---|---|---|---|
| 008 | 241115s9999 xx 000 0 und d | ||
| 020 | _a0-13-625047-5 | ||
| 082 | _a519.4 MAT | ||
| 100 | _aMathews, John H. | ||
| 245 | 0 | _aNumerical Methods for Mathematics Science and Engineering | |
| 250 | _a2nd ed. | ||
| 260 |
_aNew Delhi: _bPrentice Hall, _c1992 |
||
| 300 | _avii,646p. | ||
| 600 | _aHumanities & Natural Science | ||
| 650 | _aMathematics | ||
| 942 | _cBBD | ||
| 999 |
_c26394 _d26394 |
||